000 00499nam a2200145 4500
999 _c11596
_d11596
008 181212b ||||| |||| 00| 0 eng d
022 _a 2094-8042
082 _aDPer 050 T48 Apr-June 2016 v. 187 n. 12-24
100 _933233
_aPinckney, Jennifer
245 _aBarack Obama:
_bpublic servant/
_cJennifer Pinckney.
260 _aHong Kong;
_bTime Asia,
_cc2016.
300 _av187 n16-17, page 74:
_billustrations;
_c27 cm.
650 0 _933234
_aPresidents
_zUnited States of America.
942 _2ddc
_cPER